000 00805nam a2200265Ia 4500
003 OSt
005 20220918171018.0
006 a|||||r|||| 00| 0
007 ta
008 220917b |||||||| |||| 00| 0 eng d
020 _a9781137365743 (hbk)
_c4375.80
024 _a289,752
037 _b353, 18/03/2016, Classic Book Service
_cTextual
040 _aARTS
_cARTS
_beng
041 _2eng
_aeng
082 _aY:(L:5).4, Q5
100 _aGupta Madhvi
_933102
245 0 _aDemocracy, civil society, and health in India
260 _aNew York
_bPalgrave U.S.A
_c2015
300 _axii, 133p.
_ccm.
650 _aSOCIOLOGY
700 _a Pushkar
_933103
942 _hY:(L:5).4, Q5
_cTEXL
_2CC
999 _c137256
_d137256